| 000 | 01207nam a2200229Ia 4500 | ||
|---|---|---|---|
| 999 |
_c53305 _d53305 |
||
| 001 | 20346 | ||
| 003 | GE_BSU | ||
| 005 | 20200927221050.0 | ||
| 008 | 181216s1956||||ge |||||||||||||| ||geo|| | ||
| 040 | _cGE_BSU | ||
| 041 | _ageo | ||
| 080 | _a811.353.1+372.881.135.31 ძ-63 | ||
| 100 |
_aძიძიგური, ვარლამ _99165 |
||
| 245 |
_aქართული ენის სწავლების საკითხები რამდენიმე კლასთან ერთდროულად მუშაობის პირობებში / _cვარლამ ძიძიგური ; რედ. ე. გელაშვილი. |
||
| 264 |
_aთბილისი : _bსახელგამი, _c1956. |
||
| 300 |
_a216 გვ. ; _c22 სმ. |
||
| 541 | _h86თ. | ||
| 653 | _aქართული ენა | ||
| 653 | _aქართული ენის სწავლების საკითხები რამდენიმე კლასთან ერთდროულად მუშაობის პირობებში | ||
| 700 |
_aგელაშვილი, ე. _eრედაქტორი _97719 |
||
| 942 |
_cBK _2udc |
||